Loading...
| Literature - European | 0 | 5 | 0 | 1 | 50 | 125 | 135.20 | 2 | 4 | 0.00 | 0.00 |
| History - World | 0 | 5 | 1 | 1 | 45 | 77 | 108.40 | 2 | 5 | 0.00 | 0.00 |
| Literature - World | 0 | 4 | 0 | 0 | 40 | 124 | 131.50 | 0 | 4 | 0.00 | 0.00 |
| Mythology | 0 | 4 | 0 | 1 | 40 | 80 | 97.75 | 1 | 4 | 0.00 | 0.00 |
| History - European | 0 | 5 | 2 | 1 | 40 | 38 | 91.00 | 3 | 5 | 0.00 | 0.00 |
| History - American | 0 | 3 | 0 | 1 | 30 | 37 | 87.00 | 1 | 2 | 0.00 | 0.00 |
| Fine Arts - Other | 0 | 3 | 0 | 0 | 30 | 86 | 114.00 | 0 | 3 | 0.00 | 0.00 |
| Religion | 0 | 2 | 0 | 1 | 20 | 102 | 105.50 | 1 | 2 | 0.00 | 0.00 |
| History - Other | 0 | 2 | 0 | 1 | 20 | 126 | 131.50 | 0 | 2 | 0.00 | 0.00 |
| Literature - British | 0 | 2 | 0 | 0 | 20 | 119 | 135.00 | 0 | 2 | 0.00 | 0.00 |
| Fine Arts - Painting and Sculpture | 0 | 2 | 1 | 1 | 15 | 101 | 110.00 | 0 | 2 | 0.00 | 0.00 |
| Current Events | 0 | 1 | 0 | 0 | 10 | 99 | 99.00 | 0 | 1 | 0.00 | 0.00 |
| Geography | 0 | 1 | 0 | 0 | 10 | 92 | 92.00 | 0 | 1 | 0.00 | 0.00 |
| Fine Arts - Classical Music | 0 | 1 | 0 | 1 | 10 | 124 | 124.00 | 0 | 0 | 0.00 | 0.00 |
| Literature - American | 0 | 1 | 0 | 0 | 10 | 131 | 131.00 | 0 | 1 | 0.00 | 0.00 |